| 000 | 02537nam0a2200409 4500 | ||
|---|---|---|---|
| 001 | RU\NLR\bibl\810780 | ||
| 005 | 20260408071709.0 | ||
| 010 |
_a5-94356-254-0 _bв обл. _9200 |
||
| 021 |
_aRU _b2005-8125 _9422 |
||
| 035 | _aRSL-KNO-002572857 | ||
| 035 | _a(NLR Aleph) 000799848 | ||
| 090 |
_a1174289 _c1174289 |
||
| 100 | _a20050221d2005 |||y0rusy50 ca | ||
| 101 | 0 | _arus | |
| 102 | _aRU | ||
| 105 | _aa ||||||||| | ||
| 106 | _ar | ||
| 200 | 1 |
_aВоенное дело номадов Центральной Азии в сяньбийскую эпоху _eсб. науч. тр. _fМ-во образования и науки Рос. Федерации [и др. _gпод ред. Ю.С. Худякова, С.Г. Скобелева] |
|
| 210 |
_aНовосибирск _cНовосиб. гос. ун-т _d2005 _gРИЦ НГУ |
||
| 215 |
_a231 с. _cил. _d20 |
||
| 300 | _aВ надзаг. также: Федер. целевая программа "Интеграция", Новосиб. гос. ун-т, Совмест. сибиреведч. учеб.-науч. центр по специальностям "Археология" и "Этнография" | ||
| 320 | _aБиблиогр. в конце ст. | ||
| 606 | 0 |
_aКочевники _jСборники _xВоенное дело _xИстория _yЦентральная Азия _92281655 _3RU\NLR\auth\661366968 |
|
| 610 | 0 | _aИстория. Исторические науки -- Археология -- Россия -- Ранний железный век -- Азиатская часть России -- Народы и племена Западной Сибири -- Сборник статей | |
| 610 | 0 | _aИстория. Исторические науки -- Этнография -- Историческая этнография -- Россия -- Народы Азиатской части части России -- Народы и племена древности -- Сяньби -- Военное дело -- Сборник статей | |
| 686 |
_aЦ35(0)31я43 _2rubbk |
||
| 686 |
_aТ4(2)275.13я43 _2rubbk |
||
| 686 |
_aТ51(251)3-518я43 _2rubbk |
||
| 686 | _aЦ.г(54)я43 | ||
| 702 | 1 |
_aХудякова _bЮ. С. _4340 |
|
| 712 | 0 | 1 |
_4570 _aРоссийская Федерация _bМинистерство образования и науки _9612498 _3RU\NLR\AUTH\8810055913 |
| 801 | 0 |
_aRU _bRuMoRKP _c20050221 _grcr |
|
| 801 | 1 |
_aRU _bRuMoRGB _c20050221 |
|
| 801 | 2 |
_aRU _bNLR _c20050617 _gPSBO |
|
| 942 | _cBOOK | ||
| 980 | _aNB | ||